Vista normal
Vista MARC
Entrada Corporate Name
Número de registros utilizados en: 2
001 - CONTROL NUMBER
- control field: 53165
003 - CONTROL NUMBER IDENTIFIER
- control field: OSt
005 - DATE AND TIME OF LATEST TRANSACTION
- control field: 20241126095103.0
008 - FIXED-LENGTH DATA ELEMENTS
- fixed length control field: 241126|| aca||aabn | a|a d
040 ## - CATALOGING SOURCE
- Original cataloging agency: OSt
- Transcribing agency: OSt
110 ## - HEADING--CORPORATE NAME
- Corporate name or jurisdiction name as entry element: Proyecto Río Guatiquía, Convenio Colombo Alemán
670 ## - SOURCE DATA FOUND
- Source citation: Work cat.: (OSt)49383: Proyecto Río Guatiquía, Convenio Colombo Alemán, Hacia un Mejor Manejo de Potreros en Zonas de Ladera: